| 000 | 00548nam a2200193 a 4500 | ||
|---|---|---|---|
| 005 | 20140310183530.0 | ||
| 008 | 110822s19uu xx 00 eng d | ||
| 020 | _a9781855392311 | ||
| 050 |
_aLB 3012 _b.Sw94 2007 |
||
| 100 | _aSwainston, Tony | ||
| 245 |
_aBehaviour management : _bIdeas in action / _cTony Swainston. |
||
| 260 |
_aLondon : _bNetwork Continuum, _c2007. |
||
| 300 |
_a88 p. : _bill. ; _c19 cm. |
||
| 521 | _aBSBA | ||
| 650 | _aSchool discipline | ||
| 650 | _aBehavior modification | ||
| 942 |
_cBK _2lcc _kFOR |
||
| 999 |
_c24599 _d24599 |
||